000 004420000a22001690004500
041 0 _aSPA
082 0 4 _aG 290 M2341n
100 1 _aMajoes, E.
245 1 0 _aEl mundo de las religiones y las religines del mundo / E. Majoes
260 _aMedellín. Colombia : Lito-Dos
300 _a180 Pag
001 9144
942 _cBK
999 _c39217
_d39217
336 _atexto
_btxt
_2rdacontent
337 _2rdamedia
_asin mediación
_bn
338 _2rdacarrier
_avolumen
_bnc